000 01203nam a2200325 a 4500
001 1459755
003 OSt
005 20180409162253.0
008 860627s1982 ke b 000 0 eng
010 _a 85980884
040 _aDLC
_cDLC
_dDLC
043 _af-ke---
050 0 0 _aBV3625.K4
_bU57 1982
082 0 0 _a266/.022/096762
_219
245 0 0 _aUnreached Peoples of Kenya project :
_bsummary report : a survey /
_cconducted by Daystar Communications for the Committee on Unreached Peoples ; Ken Shingledecker, project coordinator ... [et al.].
260 _aNairobi, Kenya :
_bDaystar Communications,
_c1982.
300 _a120 p. :
_bmaps ;
_c21 cm.
500 _aEnglish and Swahili.
500 _aAdded t.p. title: Mradi wa Wa-Kenya Ambao Hawajafikiwa na Neno.
610 2 0 _aUnreached Peoples of Kenya Project.
650 0 _aMissions
_zKenya.
650 0 _aEthnology
_zKenya.
651 0 _aKenya
_xChurch history.
700 1 _aShingledecker, Ken,
_d1951-
710 2 _aDaystar Communications.
710 2 _aCommittee on Unreached Peoples (Kenya)
740 0 _aMradi wa Wa-Kenya Ambao Hawajafikiwa na Neno.
906 _a7
_bcbc
_corignew
_d3
_encip
_f19
_gy-gencatlg
942 _2lcc
_cBK
999 _c52723
_d52723